Beautiful Things - Benson Boone (Lyrics) - Statistiques

Statistiques générales
  • Ce quiz a été pris 258 fois
    246 depuis la dernière actualisation
  • Le résultat moyen est 170 sur 249
Statistiques - réponses
Réponse % Correct
I
97%
beautiful
95%
you
94%
Please
93%
things
93%
need
92%
stay
92%
want
90%
do
89%
the
88%
Oh
87%
oh
87%
Oh-oh-oh-oh
87%
Ooh
87%
take
85%
don't
84%
Don't
84%
God
84%
got
84%
I've
84%
that
84%
a
83%
These
74%
my
73%
And
71%
and
71%
love
70%
For
66%
girl
63%
every
61%
it
61%
been
59%
But
59%
but
59%
He
59%
parents
59%
found
58%
to
58%
while
58%
night
57%
better
56%
day
56%
all
55%
family
55%
have
55%
see
55%
doin'
54%
way
54%
no
53%
lately
52%
Than
52%
lose
51%
was
51%
me
50%
month
50%
who
50%
can
49%
hope
49%
last
49%
there
49%
away
48%
thank
48%
think
48%
know
47%
feelin'
45%
recall
45%
rough
45%
I'm
43%
man
43%
might
43%
mind
43%
sent
43%
get
41%
cold
40%
hold
40%
It's
40%
it's
40%
peace
40%
terrified
38%
there's
38%
four
37%
used
37%
Decembers
36%
gives
36%
as
34%
As
34%
feeling
34%
gone
33%
that's
31%
come
30%
Mm
30%
wanna
30%
finding
29%
good
29%
stands
28%
She'll
26%
Why
26%
faith
25%
great
25%
If
25%
'til
25%
sane
24%
wait
22%
enough
20%
tell
20%
at
19%
everything's
19%
just
17%
sit
17%
up
17%
I'll
16%
thinkin'
14%
ya
13%
Aucun quiz correspondant
Distribution des résultats
% des personnes avec chaque résultat
Percentile par nombre de réponses
Votre historique - résultats
Vous n’avez pas pris ce quiz depuis la dernière actualisation